| 000 | 00724nam a2200229Ia 4500 | ||
|---|---|---|---|
| 005 | 20230211115837.0 | ||
| 008 | 131103s9999 xx 000 0 und d | ||
| 020 |
_a340646209 _cRs. 1400 |
||
| 040 | _aLoreto College | ||
| 041 | _aEnglish | ||
| 082 |
_a820.8 _bTHI |
||
| 245 | 4 |
_aThe Arnold anthology of Post - Colonial literatures in English _cEdited by John Thieme |
|
| 260 |
_aNew York _bArnold _c1996 |
||
| 300 | _axxiv,936 p. | ||
| 630 | _aCommonwealth countries - Literature collections | ||
| 630 | _aDecolonization - Literary collections | ||
| 650 | _aEnglish literature - Foreign countries | ||
| 651 | _aCommonwealth literature (English) | ||
| 700 | _aThieme, John,ed. | ||
| 850 | _aLCLIB | ||
| 942 | _cBK | ||
| 999 |
_c16023 _d66502 |
||